Central Library OPAC University of Rajshahi

On the track of unknown animals / (Record no. 66666)

MARC details
000 -LEADER
fixed length control field 00788nam a2200241 a 4500
001 - CONTROL NUMBER
control field 66666
003 - CONTROL NUMBER IDENTIFIER
rucl marc code BD-RjUL
005 - DATE AND TIME OF LATEST TRANSACTION
control field 20211209081551.0
008 - FIXED-LENGTH DATA ELEMENTS--GENERAL INFORMATION
fixed length control field 700821r19651955nyuab 001 0 eng
035 ## - SYSTEM CONTROL NUMBER
System control number (BD-RjUL)66796
040 ## - CATALOGING SOURCE
Original cataloging agency DLC
Transcribing agency DLC
Modifying agency DLC
-- BD-RjUL
Language of cataloging eng
041 1# - LANGUAGE CODE
Language code of text/sound track or separate title eng
082 00 - DEWEY DECIMAL CLASSIFICATION NUMBER
Edition number 23
Classification number 596
Author mark and year HEO 1965
100 1# - MAIN ENTRY--PERSONAL NAME
Personal name Heuvelmans, Bernard.
9 (RLIN) 197366
245 10 - TITLE STATEMENT
Title On the track of unknown animals /
Statement of responsibility, etc. Bernard Heuvelmans, Translated and abridged by Richard Garnett. With 78 drawings by Monique Watteau.
260 ## - PUBLICATION, DISTRIBUTION, ETC. (IMPRINT)
Place of publication, distribution, etc. New York :
Name of publisher, distributor, etc. Hill and Wang,
Date of publication, distribution, etc. 1955 [reprint 1965]
300 ## - PHYSICAL DESCRIPTION
Pagination xiii, 306 p. :
Illustrations ill. ;
Size 22 cm.
500 ## - GENERAL NOTE
General note Includes index
650 #0 - SUBJECT ADDED ENTRY--TOPICAL TERM
Topical term or geographic name as entry element Vertebrates.
9 (RLIN) 197367
Topical term or geographic name as entry element Animals
General subdivision Folklore.
9 (RLIN) 38722
700 ## - ADDED ENTRY--PERSONAL NAME
Personal name Garnett, Richard
942 ## - ADDED ENTRY ELEMENTS (KOHA)
Source of classification or shelving scheme Dewey Decimal Classification
Koha item type Books
Holdings
Lost status Source of classification or shelving scheme Damaged status Not for loan Collection code Permanent Location Current Location Shelving location Date acquired Source of acquisition Cost, normal purchase price Total Checkouts Full call number Date last seen Copy number Koha item type
  Dewey Decimal Classification   Not For Loan Non-fiction Central Library, University of Rajshahi Central Library, University of Rajshahi Reading Room 14/06/1967 Asia Foundation 0.00   596 HEO 1965 18/03/2017 C-1 Books